Statistics for World Capitals further North/East/South/West than any Neighbouring Capital

Click here to take the quiz!

General Stats

  • This quiz has been taken 18 times
  • The average score is 6 of 15

Answer Stats

Dir # Capital % Correct
W3Mexico City
71%
W3Oslo
71%
W5Dakar
64%
S4Athens
64%
S6Rome
57%
N3Helsinki
57%
E3Mogadishu
43%
N3Caracas
43%
W4Luanda
43%
E3Muscat
36%
S3Phnom Penh
21%
S3Monrovia
14%
S3Accra
14%
W4Riga
14%
W4Dushanbe
0%

Score Distribution

Percentile by Number Answered

Percent of People with Each Score

Your Score History

You have not taken this quiz